| 000 | 00680nam a22001697a 4500 | ||
|---|---|---|---|
| 999 |
_c190249 _d190249 |
||
| 005 | 20220721112306.0 | ||
| 010 | _aENG-133639 | ||
| 020 |
_a9789387102644 _c150.00 |
||
| 035 | _aEN-117171 | ||
| 037 | _bDBAD/PUB | ||
| 082 | _a616.01 | ||
| 245 |
_aA Manual of National Level Workshop on Commercialization Prospects of Microbial Formulaties: _bBasic Techniques in Microbial Formulates/ _cEdited by A. Arun and T. Kavitha |
||
| 260 |
_aTamil Nadu _bShanlax Publications _c2018 |
||
| 270 |
_a61, 66 T.P.K. Main Road Vasantha Nagar, Madurai _bTamil Nadu _e625003 _mpublisher@shanlaxpublicaiton.com |
||
| 300 |
_aviii, 68p. _c22cm(pbk) |
||
| 942 |
_2ddc _cEN _h616.01 _mMAN |
||